Learning Resource and Development

Sed vitae : (Record no. 31734)

MARC details
000 -LEADER
fixed length control field 00982nam a22002657a 4500
003 - CONTROL NUMBER IDENTIFIER
control field CSPC
005 - DATE AND TIME OF LATEST TRANSACTION
control field 20260210172141.0
008 - FIXED-LENGTH DATA ELEMENTS--GENERAL INFORMATION
fixed length control field 260210c2010 ph zr i 00 0 eng d
022 ## - INTERNATIONAL STANDARD SERIAL NUMBER
International Standard Serial Number 2094-4012
040 ## - CATALOGING SOURCE
Original cataloging agency CSPC
Language of cataloging eng
Transcribing agency CSPC
Description conventions rda
245 00 - TITLE STATEMENT
Title Sed vitae :
Remainder of title research journal of the university of nueva caceres city of naga /
264 #1 - PRODUCTION, PUBLICATION, DISTRIBUTION, MANUFACTURE, AND COPYRIGHT NOTICE
Place of production, publication, distribution, manufacture Naga City :
Name of producer, publisher, distributor, manufacturer Research Center, AMS,
Date of production, publication, distribution, manufacture, or copyright notice 2010.
300 ## - PHYSICAL DESCRIPTION
Extent volumes :
Other physical details illustrations ;
Dimensions 23 cm.
336 ## - CONTENT TYPE
Source rdacontent
Content type term text
337 ## - MEDIA TYPE
Source rdacarrier
Media type term unmediated
338 ## - CARRIER TYPE
Source rdacarrier
Carrier type term volumes
362 ## - DATES OF PUBLICATION AND/OR SEQUENTIAL DESIGNATION
Dates of publication and/or sequential designation Volume 1, Number 2
504 ## - BIBLIOGRAPHY, ETC. NOTE
Bibliography, etc. note Includes bibliographical references
521 ## - TARGET AUDIENCE NOTE
Target audience note Bachelor of Public Administration (BPA)<br/>
650 ## - SUBJECT ADDED ENTRY--TOPICAL TERM
Topical term or geographic name entry element Research
Form subdivision Periodicals.
650 ## - SUBJECT ADDED ENTRY--TOPICAL TERM
Topical term or geographic name entry element Academic journals
Form subdivision Periodicals.
700 #1 - ADDED ENTRY--PERSONAL NAME
Personal name Castroverde, Jacob M.,
Relator term editor.
942 ## - ADDED ENTRY ELEMENTS (KOHA)
Source of classification or shelving scheme Dewey Decimal Classification
Suppress in OPAC No
Koha item type Serials
Classification part 001.05
Item part Se27
Call number prefix SER
Call number suffix 2010
Holdings
Withdrawn status Lost status Source of classification or shelving scheme Damaged status Not for loan Home library Current library Shelving location Date acquired Serial Enumeration / chronology Total Checkouts Full call number Barcode Date last seen Copy number Price effective from Koha item type Public note
    Dewey Decimal Classification   Not For Loan Main Library Main Library Serials 02/10/2026 December 2010 Volume 1, Number 2   Ser PUB AD 10 v.1 n.2 2010 01566S 02/10/2026 1-1 02/10/2026 Serials Journal